Biblioteca

"Forget your people and your father's house" : (Registro nro. 68301)

Detalles MARC
000 -LÍDER
Campo fijo de descripción fija 01743nab a2200217 i 4500
001 - NÚMERO DE CONTROL
Campo de control 768714001
003 - IDENTIFICADOR DEL NÚMERO DE CONTROL
Campo de control CO-MdFUSB
005 - FECHA Y HORA DE LA ULTIMA TRANSACCIÓN
control field 20260313170709.0
008 - ELEMENTOS DE LONGITUD FIJA -- INFORMACIÓN GENERAL
Campo fijo de descripción fija -- Información general 221018s2016 -us||||| |||| 00| 0 eng d
040 ## - FUENTE DE CATALOGACIÓN
Idioma de catalogación eng
Agencia que realiza la transcripción CO-MdFUSB
Agencia que realiza la modificación CO-MdFUSB
041 ## - CÓDIGO DE IDIOMA
Código de idioma para texto/pista de sonido o título separado eng
100 ## - ASIENTO PRINCIPAL--NOMBRE PERSONAL
Nombre personal Cheung, Simon Chi-chung,
Término relacionador autor
245 ## - TÍTULO
Título "Forget your people and your father's house" :
Subtitulo the core theological message of Psalm 45 and its canonical position in the hebrew psalter
Mención de responsabilidad / Simon Chi-chung Cheung
300 ## - DESCRIPCIÓN FÍSICA
Extensión Volumen 26, Número 3, (2016), páginas 325 - 340
Dimensiones ; 23 cm
520 ## - NOTA DE RESUMEN, ETC.
Nota de sumario, etc. En el Salmo 45, el novio rey y la novia son representados notablemente parecidos. Ilustrando sus similitudes, este artículo también intenta explicar estas similitudes a la luz del discurso que escucha la novia en los vv. 11-13. Se aconseja a la novia, de quien se argumentará en este artículo que es de Tiro, que se olvide de su gente y de su hogar y se someta totalmente a su futuro esposo. Este consejo de "olvidar", como mostraré, es una alusión a la promesa de Dios a Abraham en Génesis 12:1-3 y también explica por qué una novia extranjera puede compartir la gloria y el esplendor que disfruta un rey israelita. Luego examinaré la posición canónica del Salmo 45 en el Salterio hebreo. Mientras que los cuatro salmos en los Salmos 45-48 promulgan el reino universal de lo divino, tanto el Salmo 45 como el 47 aluden a la misma promesa abrahámica.
630 07 - PUNTO DE ACCESO ADICIONAL DE MATERIA - TÍTULO UNIFORME
Título uniforme Biblia.
Parte o sección de la obra Salmos
Subdivisión de materia general Crítica, interpretación, etc.
650 #7 - ASIENTO SECUNDARIO DE MATERIA - TERMINO TEMÁTICO
9 (RLIN) 320
Término temático o nombre geográfico como elemento de entrada Teología bíblica
773 0# - ASIENTO DE ITEM FUENTE
Biblionumber 68251
Itemnumber 81346
Otro identificador del ítem R2130
Título Bulletin for Biblical research
Número de control del registro (CO-MdFUSB)768714001
Número Internacional Normalizado para Publicaciones Seriadas (ISSN) 1065-223X
Parte(s) relacionada(s) / Volumen., número. (mes año), páginas Volumen 26, Número 3, (2016), páginas 325 - 340
Enumeración y primera página páginas 325
942 ## - TIPO DE MATERIAL (KOHA)
Tipo de Item KOHA Artículos de Revista
945 ## - INFORMACIÓN LOCAL DEL REGISTRO
Catalogador JTF-925

No hay ítems disponibles.

Biblioteca FUSBC | Teléfono: (57+4) 349 88 10 Ext. 141| WhatsApp (+57) 3005338115 
E-mail: biblioteca@unisbc.edu.co | Calle 76 87-14 Robledo Palenque, Medellín, Colombia

Con tecnología Koha